00656nam a2200241 a 4500001001300000003000900013005001700022008004100039020001000080082002000090100002000110245001700130260003700147300000900184500003500193505001000228650002700238700002000265902000800285942000700293952009900300999001500399nice12345678IN_TiNIC20260116011521.0050524s1880 lona grp 000 0 eng  ac10000a266.354092bBEL aBell, Charles D aHenry Martyn aLondonbHodder & Stoughtonc1880 a190p aincludes index and biblioraphy2 aIndex aHenry Martyn-Biography1 aBell, Charles D bRBA cBK 00104070aHMIbHMId2007-07-12g100.00l0o266.354092 BELp665r2007-07-12w2026-01-16yARB c2229d2229